Uplatňovanie výdavkov na PHL

Výdavky na pohonné látky patria k najčastejšie uplatňovaným daňovým výdavkom. Zákon č. 595/2003 Z. z. o dani z príjmov v znení neskorších predpisov umožňuje zahŕňať výdavky na pohonné látky do daňových výdavkov viacerými spôsobmi. Praktické príklady.

Salvato in:
Dettagli Bibliografici
Autore principale: Kolembus, Anton
Natura: Capitolo di libro
Lingua:slovacco
Soggetti:
Tags: Aggiungi Tag
Nessun Tag, puoi essere il primo ad aggiungerne!!

MARC

LEADER 00000naa a2200000 4500
001 0235789
005 20170914110635.8
041 0 |a slo 
044 |a SK 
245 1 0 |a Uplatňovanie výdavkov na PHL  |c Anton Kolembus 
520 |a Výdavky na pohonné látky patria k najčastejšie uplatňovaným daňovým výdavkom. Zákon č. 595/2003 Z. z. o dani z príjmov v znení neskorších predpisov umožňuje zahŕňať výdavky na pohonné látky do daňových výdavkov viacerými spôsobmi. Praktické príklady. 
610 2 0 |a dane 
610 2 0 |a výdavky daňové 
610 2 0 |a benzín 
610 2 0 |a nafta 
610 2 0 |a hmoty pohonné 
610 2 0 |a vozidlá motorové 
610 2 0 |a legislatíva 
610 2 0 |a firmy 
610 2 0 |a podnikatelia 
100 1 |a Kolembus, Anton